[Event "Brno op 5th"]
[Site "Brno"]
[Date "2014.11.22"]
[Round "9"]
[White "Grove, Michael"]
[Black "Borisek, Anze"]
[Result "1-0"]
[WhiteElo "2083"]
[BlackElo "1934"]
[PlyCount "85"]
[EventDate "2014.11.15"]
[EventType "swiss"]
[EventRounds "9"]
[EventCountry "CZE"]
[SourceTitle "CBM 163 Extra"]
[Source "ChessBase"]
[SourceDate "2014.12.23"]
[SourceVersion "1"]
[SourceVersionDate "2014.12.23"]
[SourceQuality "1"]

1. e4 c6 2. Nc3 d5 3. Nf3 dxe4 4. Ng5 Nf6 5. Bc4 e6 6. Ncxe4 Nxe4 7. Nxe4 Nd7 8. 0-0 Nf6 9. d3 Nxe4 10. dxe4 Qxd1 11. Rxd1 Be7 12. a4 b6 13. Bf4 Bd7 14. Rd3 b5 15. axb5 cxb5 16. Rxd7 bxc4 17. Raxa7 Rxa7 18. Rxa7 Bd8 19. Bd6 h5 20. Kf1 Rh6 21. e5 Rg6 22. f3 f6 23. Ra4 Rg5 24. Rxc4 fxe5 25. Re4 Kd7 26. Bxe5 Bf6 27. f4 Rf5 28. Ke2 g6 29. Ke3 Be7 30. Rc4 g5 31. g3 h4 32. b4 hxg3 33. hxg3 gxf4+ 34. gxf4 Rh5 35. Rc7+ Kd8 36. Rb7 Rh3+ 37. Kd4 Rh2 38. c4 Rb2 39. c5 Bh4 40. Kc3 Rb1 41. Kc2 Rg1 42. c6 Rg2+ 43. Kb3 1-0

[Event "Brno op 5th"]
[Site "Brno"]
[Date "2014.11.19"]
[Round "6"]
[White "Borisek, Anze"]
[Black "Kaplan, Milan"]
[Result "1-0"]
[WhiteElo "1934"]
[BlackElo "1791"]
[PlyCount "61"]
[EventDate "2014.11.15"]
[EventType "swiss"]
[EventRounds "9"]
[EventCountry "CZE"]
[SourceTitle "CBM 163 Extra"]
[Source "ChessBase"]
[SourceDate "2014.12.23"]
[SourceVersion "1"]
[SourceVersionDate "2014.12.23"]
[SourceQuality "1"]

1. e3 e5 2. e4 Nf6 3. Nf3 Be7 4. Nc3 d6 5. d4 Nbd7 6. Bc4 0-0 7. Be3 a6 8. a4 b6 9. Nd2 exd4 10. Bxd4 Ne5 11. Ba2 Be6 12. 0-0 c5 13. Bxe5 dxe5 14. Bxe6 fxe6 15. Nf3 Qc7 16. Qe2 h6 17. Qc4 Qc6 18. Nxe5 Qc8 19. Rad1 Kh7 20. f4 Ne8 21. Rd7 Bf6 22. Qxe6 Bxe5 23. fxe5 Nc7 24. Qe7 Rxf1+ 25. Kxf1 Qf8+ 26. Ke2 Qxe7 27. Rxe7 Ne8 28. Nd5 Kg8 29. Nxb6 Rd8 30. Rd7 Rb8 31. a5 1-0

[Event "Brno op 5th"]
[Site "Brno"]
[Date "2014.11.16"]
[Round "2"]
[White "Borisek, Anze"]
[Black "Rehurek, Lukas"]
[Result "0-1"]
[WhiteElo "1934"]
[BlackElo "2188"]
[PlyCount "118"]
[EventDate "2014.11.15"]
[EventType "swiss"]
[EventRounds "9"]
[EventCountry "CZE"]
[SourceTitle "CBM 163 Extra"]
[Source "ChessBase"]
[SourceDate "2014.12.23"]
[SourceVersion "1"]
[SourceVersionDate "2014.12.23"]
[SourceQuality "1"]

1. f4 Nf6 2. Nf3 g6 3. b3 Bg7 4. Bb2 0-0 5. e3 c5 6. Be2 Nc6 7. 0-0 d5 8. Ne5 Qc7 9. Nxc6 Qxc6 10. Bf3 Bf5 11. d3 Rad8 12. Qe2 Qc8 13. Nd2 Bg4 14. Bxg4 Qxg4 15. Qxg4 Nxg4 16. Bxg7 Kxg7 17. Rae1 Rfe8 18. h3 Nf6 19. Nf3 Nd7 20. Ne5 Nxe5 21. fxe5 f6 22. exf6+ exf6 23. g4 Re6 24. Rf4 Rde8 25. e4 b6 26. Ref1 dxe4 27. dxe4 R8e7 28. a4 Rd6 29. R1f2 g5 30. Rf5 Rxe4 31. a5 Kg6 32. axb6 axb6 33. Kg2 Ree6 34. Kh2 h5 35. Kg2 hxg4 36. hxg4 Rd4 37. Kg3 Kg7 38. Kh3 Re3+ 39. Kh2 Rd6 40. Kg2 c4 41. bxc4 Rc3 42. c5 Rxc5 43. Rxc5 bxc5 44. Kg3 Rd4 45. Rf3 Rc4 46. c3 Re4 47. Rd3 Kf7 48. Kf3 Rf4+ 49. Kg3 Ke6 50. Rd8 Ke5 51. Rd7 Ke4 52. Re7+ Kd3 53. Rc7 c4 54. Rc8 Kxc3 55. Rc6 Kc2 56. Rc8 c3 57. Rc6 Kb2 58. Rb6+ Kc1 59. Rc6 c2 0-1